=LDR 00000nam 2200000 4500 =001 INLIS000000000056784 =005 20200929111542 =035 ##$$a 0010-0920000415 =007 ta =008 200929###########################0###### =082 ##$$a 297.749 598 651 507 2 =084 ##$$a 297.749 598 651 507 2 Sri d =245 1#$$a Laporan Penelitian : $b Dinamika Transisi komunitas wetu telu dalam keyakinan pelaksanaan syari'kat islam disusun sangiang desa kumbang kecamatan masbagik kabupaten lombok timur /$c Sri Hariati =300 ##$$a v, 30 halaman ; $c 28 cm =650 #4$$a Islam Wetu Telu - Lombok Timur - Penelitian =700 #$$a Anang Husni =264 ##$$a Mataram :$b Lembaga Penelitian dan Pengabdian Kepada Masyarakat Universitas Mataram,$c 2018 =336 ##$$a Text$2 rdacontent =337 ##$$a Laporan$2 rdamedia =338 ##$$a Lain-lain$2 rdacarrier =990 ##$$a 06140614 =990 ##$$a 234/49/2020